Communist or Capitalist (Cold War) - Statistics

General Stats
  • This quiz has been taken 338 times
  • The average score is 18 of 20
Answer Stats
Question Answer % Correct
United States of America (U.S.A.) Capitalism
100%
Canada Capitalism
100%
Soviet Union (U.S.S.R.) Communism
100%
North Korea Communism
100%
United Kingdom (U.K.) Capitalism
99%
South Korea Capitalism
99%
France Capitalism
99%
Cuba Communism
98%
West Germany Capitalism
95%
The People's Republic of China (P.R.O.C.) Communism
92%
Czechoslovakia Communism
92%
Hungary Communism
89%
Albania Communism
88%
North Vietnam Communism
88%
Poland Communism
86%
Mongolia Communism
86%
South Vietnam Capitalism
84%
The Republic of China (R.O.C.) Capitalism
83%
South Yemen Communism
66%
North Yemen Capitalism
64%
No matching quizzes found
Score Distribution
Percent of People with Each Score
Percentile by Number Answered
Your Score History
You have not taken this quiz